| 000 | 00665nam a2200193 i 4500 | ||
|---|---|---|---|
| 001 | 188023 | ||
| 003 | ES-MaACL | ||
| 005 | 20250522184211.0 | ||
| 008 | 180411s1953 ag |||| |bspa d | ||
| 100 | 1 |
_aHussey, Dyneley. _9164603 |
|
| 245 | 1 | 0 |
_aVerdi / _cDyneley Hussey ; versión directa del inglés por Luis Justo. |
| 260 |
_aBuenos Aires : _bSchapire, _c[1953] |
||
| 300 |
_a332 p. ; _c21 cm. |
||
| 500 | _aApéndices. | ||
| 504 | _aBibliografía: p. 331-332. | ||
| 600 | 0 | 4 |
_aVerdi, Giuseppe, _d1813-1901- _xBiografías _9114031 |
| 852 |
_aES-MaACL _jL-31910 _z. - Donat. herederos de la bibl. de Mª del Pilar Costa Palacín |
||
| 999 |
_c188023 _d188023 |
||